Encyclopedia of American cultural & intellectual history. Vol. I /

Další autoři: Cayton, Mary Kupiec, Williams, Peter W., 1944-
Jazyk: Angličtina
Vydáno: New York : Charles Scribner's Sons, c2001
Témata:
Fyzický popis: lxxvi, 733 s. : il., mapy, portréty ; 29 cm
Knihy
Uloženo v:
LEADER 01620nam a2200409 a 4500
001 000770026
003 CZ BrMZK
005 20050414151745.0
007 ta
008 050411s2001 xxu gre 000 0deng d
020 |a 0-684-80558-8  |q (váz.) 
020 |a 0-684-80561-8  |q (soubor) 
040 |a BOA001  |b cze 
043 |a n-us--- 
072 7 |a 316.7  |x Sociologie kultury. Kulturní život  |2 Konspekt  |9 1 
080 |a 316.7+008  |2 MRF 
080 |a 316.7  |2 MRF 
080 |a 316.72/.75-027.22  |2 MRF 
080 |a 001.83-027.22  |2 MRF 
080 |a (73)  |2 MRF 
080 |a (031)  |2 MRF 
245 0 0 |a Encyclopedia of American cultural & intellectual history.  |n Vol. I /  |c Mary Kupiec Cayton, Peter W. Williams, editors 
246 3 3 |a American cultural & intellectual history 
260 |a New York :  |b Charles Scribner's Sons,  |c c2001 
300 |a lxxvi, 733 s. :  |b il., mapy, portréty ;  |c 29 cm 
504 |a Obsahuje bibliografie 
650 0 7 |a civilizace  |7 ph119248  |z Spojené státy americké  |2 czenas 
650 0 7 |a kultura  |7 ph122009  |z Spojené státy americké  |x dějiny  |2 czenas 
650 0 7 |a kulturní život  |7 ph122030  |z Spojené státy americké  |x dějiny  |2 czenas 
650 0 7 |a intelektuální život  |7 ph137688  |z Spojené státy americké  |x dějiny  |2 czenas 
655 7 |a encyklopedie  |7 fd132201  |2 czenas 
700 1 |a Cayton, Mary Kupiec  |7 mzk2005278363  |4 edt 
700 1 |a Williams, Peter W.,  |d 1944-  |7 mzk2005278364  |4 edt 
910 |a BOA001  |b 3-1149.413,1 
990 |a BK 
991 |b 200504  |c NOV 
996 7 |b 2610247541  |c 3-1149.413,1  |l Americká knihovna/3.patro  |r ZHR  |n 0  |p dar  |h 316(73) ENC  |w 000770026  |u 000010  |a 0  |e BOA001  |j MZK50  |s A